Регионална библиотека "Любен Каравелов" - Русе

Зимата на вещицата (Запис номер 346890)

MARC детайли
000 -Лидер
Контролно поле с фиксирана дължина 01125nam a2200253 a 4500
003 - Код на организацията, давaща контролен номер
Контролно поле BLK
005 - Дата и час на последна редакция
Контролно поле 20250226145050.0
008 - Елементи от данни с фиксирана дължина
fixed length control field 191205b bu ||||| |||| 00| 0 bu d
020 ## - Международен стандартен номер на книга ISBN
Международен стандартен номер на книга ISBN 9786191710782
040 ## - Източник на каталожния запис
Идентификатор на билиотеката - собственик на записа BLK
041 ## - Код за език
Код за езика на текст/звукозапис или на отделно заглавие Български
Код за езика КДБФ Български
080 ## - УДК
Текстов определител УДК Американска литература (на САЩ)
УДК код - определител по УДК 821.111(73)
УДК определител -312.9
УДК - код + определител 821.111(73)-312.9
100 ## - Редна дума - Автор
R(LIN) 350684
Автор Арден, Катрин
Авторска отговорност първи автор
139 ## - Редно поле
Редна дума Арден, Катрин
Авторски знак Арг - А 82
245 ## - Сведения за заглавието
Заглавие Зимата на вещицата
Подзаглавни данни Роман
Редно поле (дума) Катрин Арден ; прев. от англ. Ангел Ангелов
260 ## - Област на издателските данни
9 (RLIN) 218251
Място на издаване, разпространение и проч. София
Име на издателя, разпространителя и проч. Orange Books
Година на издаване 2019
Печатница ([София] : Pulsio Print)
Издателство - префикс ISBN 978-619-171-
300 ## - Физическа характеристика
Страници 454 с.
Размери/Мащаб 24 см
380 ## - Жанр
Жанр Худож. лит.
500 ## - Общи забележки
Забележка Ориг. загл.: The winter of the witch / Katherine Arden. - За авторката: с. 453. - Кн. 3 от трилогията Winternight
700 ## - Други автори (авторска отговорност)
Лично име Ангелов, Ангел Пенчев
Дати, свързани с автора 1968-
9 (RLIN) 379977
852 ## - Местоположение
Фондова буква Заемна - подръчен фонд
Систематично-азбучна сигнатура П 820(73)-31/А 82
999 ## - СИСТЕМНИ КОНТРОЛНИ НОМЕРА
Koha biblionumber 346890
Koha biblioitemnumber 346890
942 ## - АРТИКУЛИ
Източник на класификационната схема Universal Decimal Classification
Вид на библиотечния материал Книги
Скрит в OPAC Не
Периодичен библиозапис Да
Koha issues (borrowed), all copies 12
944 ## - СЪЗДАВАНЕ И РЕДАКЦИЯ на ЗАПИСА
Служител, извършил регистрацията/редакцията 30531
Статус, дата на статуса Цветелина Шанова
Наличности
Код за отписване Код за изгубен артикул Източник на класификационната схема Код за повреда Коз за рестрикции Код за отдаване Артикулен № Име на библиотеката - собственик Име на библиотеката, в която се намира в момента Статус (Текущо местоположение) Дата на вписване в системата Местоположение - отдел Цена в лева Систематично азбучна сигнатура Баркод Цена в евро Служебен тип на артикула
  Не е изгубен Universal Decimal Classification Не е повреден без рестрикции заемане за дома 751243 Регионална библиотека "Любен Каравелов" Русе Регионална библиотека "Любен Каравелов" Русе Заемна - подръчен фонд 2019-12-06 Заемна - подръчен фонд 18.67 П 820(73)-31/А 82 120000839500 9.55 Книги
  Не е изгубен Universal Decimal Classification Не е повреден само за читалня ползва се в читалня 755965 Регионална библиотека "Любен Каравелов" Русе Регионална библиотека "Любен Каравелов" Русе Хранилище 2020-02-28 Хранилище 24.90 Цб 298419 120000842872 12.73 Книги
Vip Innovations Ltd, Rousse, Bulgaria 2025